Name the Taylor Swift Era Outfits - Statistics

General Stats
  • This quiz has been taken 2,483 times
  • The average score is 9 of 11
Answer Stats
Picture Answer % Correct
Folklore
99%
Lover
99%
Red
98%
Fearless
97%
1989
89%
Reputation
89%
Speak Now
89%
Taylor Swift
89%
Evermore
87%
Fearless (Taylor's Version)
67%
Red (Taylor's Version)
47%
No matching quizzes found
Score Distribution
Percent of People with Each Score
Percentile by Number Answered
Your Score History
You have not taken this quiz